000 01101cam a2200313Ia 4500
001 44515
005 20230410115557.0
008 030602s1990 ag b 000 0 spa d
035 _a(OCoLC)ocm52351451
040 _aNDU
_cNDU
_dOCLCQ
_dDRFGD
020 _a9506941211
020 _a9789506941215
035 _a(OCoLC)52351451
050 1 4 _aHF 1411
_bG489e 1990
100 1 _aGilpin, Robert.
245 1 3 _aLa economía política de las relaciones internacionales /
_cRobert Gilpin, con la colaboración de Jean M. Gilpin, traducción de Cristina Piña.
260 _aBuenos Aires :
_bGrupo Editor Latinoamericano,
_c1990.
300 _a449 p. ;
_c25 cm.
440 0 _aColección Estudios internacionales (Buenos Aires, Argentina)
500 _aTraducido de: Political economy of international relations.
504 _aIncludes bibliographical references (p. 429-449).
650 0 _aInternational economic relations.
650 0 _aCommercial policy.
650 0 _aInternational finance.
700 1 _aGilpin, Jean M.
942 _2lcc
_cbk
946 _almminaya
994 _aC0
_bDRFGD
999 _c43947
_d43947